Arktická rada bakalárska práca

Uložené v:
Podrobná bibliografia
Hlavný autor: Brezániová, Martina
Korporativný autor: Fakulta medzinárodných vzťahov EU. Katedra medzinárodného práva
Ďalší autori: Harakaľová, Dorota, 1989-
Médium: Kniha
Jazyk:Slovak
Vydavateľské údaje: Bratislava 2020
Tagy: Pridať tag
Žiadne tagy, Buďte prvý, kto otaguje tento záznam!

MARC

LEADER 00000nbm a2200000 4500
001 0265691
005 20200910083032.3
041 0 |a slo 
044 |a SK 
245 1 0 |a Arktická rada  |b bakalárska práca  |c Martina Brezániová ; školiteľ: Dorota Harakaľová 
264 1 |a Bratislava  |c 2020 
300 |a 58 s. 
100 1 |a Brezániová, Martina 
700 1 |a Harakaľová, Dorota, 1989- 
710 2 |a Fakulta medzinárodných vzťahov EU. Katedra medzinárodného práva